CLINICAL NEUROANATOMY (Record no. 15564)

MARC details
000 -LEADER
fixed length control field 00342nam a22001577a 4500
003 - CONTROL NUMBER IDENTIFIER
control field SGT
020 ## - INTERNATIONAL STANDARD BOOK NUMBER
International Standard Book Number 978-81473-221-4
082 ## - DEWEY DECIMAL CLASSIFICATION NUMBER
Classification number 611
Item number C17S
100 ## - MAIN ENTRY--PERSONAL NAME
Personal name SNELL, RICHARD S.
245 ## - TITLE STATEMENT
Title CLINICAL NEUROANATOMY
250 ## - EDITION STATEMENT
Edition statement 7TH
260 ## - PUBLICATION, DISTRIBUTION, ETC. (IMPRINT)
Place of publication, distribution, etc INDIA
Name of publisher, distributor, etc WOLTERS KLUWER
Year of Publication 2017
300 ## - PAGE DESCRIPTION
No. of Pages 542
650 ## - SUBJECT ADDED ENTRY--TOPICAL TERM
Topical term or geographic name as entry element ANATOMY
942 ## - ADDED ENTRY ELEMENTS (KOHA)
Source of classification or shelving scheme Dewey Decimal Classification
Koha item type Books
942 ## - ADDED ENTRY ELEMENTS (KOHA)
-- 11
Holdings
Withdrawn status Lost status Source of classification or shelving scheme Damaged status Not for loan Collection code Home library Current library Shelving location Date acquired Vendor Name SGTU Bill Number Total Checkouts Full call number Accession No. (Barcode) Date last seen Bill Date Koha item type Date last borrowed
    Dewey Decimal Classification     MEDICAL SGT Medical Library SGT Medical Library Reference Book 14/06/2018 ABC SGTU 9732   611 C17S FM10683 14/06/2018 15/05/2018 Books  
    Dewey Decimal Classification     MEDICAL SGT Medical Library SGT Medical Library Reference Book 14/06/2018 ABC SGTU 9732 12 611 C17S FM10684 16/05/2024 15/05/2018 Books 01/05/2024